000 00822nam a22001937a 4500
003 BD-DhUL
005 20161031190958.0
008 161026b1908 ii |||| |||| 000 0 ben d
040 _aBD-DhUL
_cBD-DhUL
082 _a891.449
_bRAP
100 _aপ্রভুর, শ্রীনিবাসাচার্য্য
245 _aপদামৃতসমুদ্র /
_bশ্রীনিবাসাচার্য্য প্রভুর ও শ্রীরাধামোহন ঠাকুর সংগ্রহীত
250 _a২য় সংস্ক
260 _aকলকাতা :
_bশ্রীরামদেব মিশ্র,
_c১৯০৮
300 _a৪৮২ পৃ. :
_c২০ সে.মি.।
650 _aবাংলা পত্র
650 _aBengali Letter
942 _2ddc
_cBK
999 _c118346
_d118346